Development of agricultural marketing in Bangladesh / (Record no. 862)

MARC details
000 -LEADER
fixed length control field 00647nam a22002057a 4500
001 - CONTROL NUMBER
control field BD-DhSAU 862
003 - CONTROL NUMBER IDENTIFIER
control field BD-DhSAU
005 - DATE AND TIME OF LATEST TRANSACTION
control field 20150107023056.0
008 - FIXED-LENGTH DATA ELEMENTS--GENERAL INFORMATION
fixed length control field 150107b1973 bg a|||| |||| 00| 0deng d
040 ## - CATALOGING SOURCE
Original cataloging agency BD-DhSAU
082 ## - DEWEY DECIMAL CLASSIFICATION NUMBER
Edition number 22
Classification number 380.1095492
Item number RAD
100 ## - MAIN ENTRY--PERSONAL NAME
Personal name Mahmudur Rahman, Khandkar
245 ## - TITLE STATEMENT
Title Development of agricultural marketing in Bangladesh /
Statement of responsibility, etc. Khandkar Mahmudur Rahman
260 ## - PUBLICATION, DISTRIBUTION, ETC. (IMPRINT)
Place of publication, distribution, etc. Comilla, Bangladesh :
Name of publisher, distributor, etc. Bangladesh academy for rural development ;
300 ## - PHYSICAL DESCRIPTION
Extent iii, 135 p. :
Other physical details ill. ;
Dimensions 22 cm.
504 ## - BIBLIOGRAPHY, ETC. NOTE
Bibliography, etc Includes bibliography.
590 ## - Name of Cataloguer
Name of Cataloger Jerin
650 ## - SUBJECT ADDED ENTRY--TOPICAL TERM
Topical term or geographic name as entry element Economics
650 ## - SUBJECT ADDED ENTRY--TOPICAL TERM
Topical term or geographic name as entry element Agricultural marketing
Geographic subdivision Bangladesh
942 ## - ADDED ENTRY ELEMENTS (KOHA)
Source of classification or shelving scheme Dewey Decimal Classification
Koha item type Book

No items available.